| 000 | 00652nam a2200205 a 4500 | ||
|---|---|---|---|
| 005 | 20140310183440.0 | ||
| 008 | 080509s19uu xx 00 eng d | ||
| 020 | _a9780470060063 | ||
| 050 |
_aRJ 506.D68 _b.T454 2007 |
||
| 100 | _aRondal, Jean-Adolphe edited by | ||
| 245 | _aTherapies and rehabilitation in down syndrome. / | ||
| 260 |
_aEngland : _bJohn Wiley & Sons Ltd, _c2007. |
||
| 300 |
_a214 p. : _bill. ; _c24 cm. |
||
| 521 | _aEDU | ||
| 650 |
_aDown syndrome _xPatients _xRehabilitation. |
||
| 650 |
_aChildren with mental disabilities _xRehabilitaion. |
||
| 700 | _aQuartino-Rasore, Alberto | ||
| 942 |
_cBK _2lcc _kFOR |
||
| 999 |
_c23065 _d23065 |
||